[Event "Omsk op 02"]
[Site "Omsk"]
[Date "2014.02.10"]
[Round "5"]
[White "Konin, Sergey"]
[Black "Budim, Vladimir"]
[Result "0-1"]
[WhiteElo "1943"]
[BlackElo "1943"]
[PlyCount "36"]
[EventDate "2014.02.03"]
[EventType "swiss"]
[EventRounds "9"]
[EventCountry "RUS"]
[SourceTitle "EXT 2016"]
[Source "ChessBase"]
[SourceDate "2015.10.08"]
[SourceVersion "1"]
[SourceVersionDate "2015.10.08"]
[SourceQuality "1"]

1. Nf3 g6 2. c4 Bg7 3. Nc3 d6 4. d4 Nf6 5. b3 0-0 6. Bb2 c6 7. e4 Nbd7 8. e5 dxe5 9. Nxe5 Nxe5 10. dxe5 Ng4 11. f4 Qb6 12. Qf3 f6 13. exf6 Bxf6 14. Na4 Qa5+ 15. Bc3 Bxc3+ 16. Nxc3 Rxf4 17. Qg3 Re4+ 18. Be2 Re3 0-1

[Event "Omsk op 12"]
[Site "Omsk"]
[Date "2013.12.04"]
[Round "3"]
[White "Budim, Vladimir"]
[Black "Yaitskiy, Valeriy"]
[Result "0-1"]
[WhiteElo "1993"]
[BlackElo "1979"]
[PlyCount "46"]
[EventDate "2013.12.01"]
[EventType "swiss"]
[EventRounds "9"]
[EventCountry "RUS"]
[SourceTitle "EXT 2016"]
[Source "ChessBase"]
[SourceDate "2015.10.08"]
[SourceVersion "1"]
[SourceVersionDate "2015.10.08"]
[SourceQuality "1"]

1. d4 Nf6 2. c4 c6 3. Nf3 d5 4. Nc3 Bf5 5. e3 e6 6. Be2 Bd6 7. 0-0 Nbd7 8. Nd2 0-0 9. f3 e5 10. e4 exd4 11. exf5 dxc3 12. bxc3 Qe7 13. Nb3 Qe5 14. g3 Qxf5 15. Be3 Rfe8 16. Qd2 Qe6 17. Kf2 Ne5 18. cxd5 cxd5 19. Rfe1 Neg4+ 20. Kg1 Qxe3+ 21. Qxe3 Nxe3 22. Bb5 Re7 23. Kf2 Nf5 0-1

[Event "Omsk op 12"]
[Site "Omsk"]
[Date "2013.12.03"]
[Round "2"]
[White "Kislova, Valentina"]
[Black "Budim, Vladimir"]
[Result "0-1"]
[WhiteElo "2024"]
[BlackElo "1993"]
[PlyCount "118"]
[EventDate "2013.12.01"]
[EventType "swiss"]
[EventRounds "9"]
[EventCountry "RUS"]
[SourceTitle "EXT 2016"]
[Source "ChessBase"]
[SourceDate "2015.10.08"]
[SourceVersion "1"]
[SourceVersionDate "2015.10.08"]
[SourceQuality "1"]

1. c4 Nf6 2. d4 e6 3. a3 d5 4. Nc3 Nbd7 5. b3 c6 6. Nf3 Qc7 7. Bb2 b6 8. e3 Bb7 9. Rc1 Rd8 10. Bd3 Qb8 11. Qe2 Be7 12. 0-0 0-0 13. Rfd1 Rfe8 14. Ne5 Nf8 15. f4 N6d7 16. b4 f6 17. Nf3 Bd6 18. c5 Bc7 19. g3 e5 20. fxe5 fxe5 21. Bf5 e4 22. Ne1 bxc5 23. bxc5 Nf6 24. Rb1 Bc8 25. Bc1 Qa8 26. Qf1 Re7 27. Bxc8 Qxc8 28. Ne2 Rf7 29. Qg2 Ng4 30. Nf4 g5 31. Nh3 Ng6 32. Nc2 Rdf8 33. Bd2 Rf2 34. Nxf2 Rxf2 35. Qxf2 Nxf2 36. Kxf2 Qh3 37. Rh1 Qf5+ 38. Ke1 Qh3 39. Kf2 h5 40. Rbg1 h4 41. gxh4 Qf5+ 42. Ke1 Nxh4 43. Kd1 Nf3 44. Rf1 Qh3 45. Ne1 Nxd2 46. Kxd2 Ba5+ 47. Ke2 Qg4+ 48. Kf2 Qd1 49. Ng2 Qf3+ 50. Kg1 Qg4 51. h4 Bd2 52. hxg5 Bxe3+ 53. Kh2 Bxd4 54. g6 e3 55. Rb1 e2 56. Rb8+ Kg7 57. Rb7+ Kxg6 58. Rbb1 Be5+ 59. Kg1 Qd4+ 0-1

[Event "Omsk-ch"]
[Site "Omsk"]
[Date "2013.02.15"]
[Round "7"]
[White "Konin, Sergey"]
[Black "Budim, Vladimir"]
[Result "1-0"]
[WhiteElo "1864"]
[BlackElo "2009"]
[PlyCount "74"]
[EventDate "2013.02.09"]
[EventType "swiss"]
[EventRounds "9"]
[EventCountry "RUS"]
[SourceTitle "CBM 153 Extra"]
[Source "ChessBase"]
[SourceDate "2013.04.22"]
[SourceVersion "1"]
[SourceVersionDate "2013.04.22"]
[SourceQuality "1"]

1. d4 d5 2. c4 e6 3. Nc3 c6 4. e3 Nd7 5. Nf3 Bd6 6. c5 Bc7 7. Bd3 f5 8. b4 Nh6 9. h4 Nf7 10. Ne2 Qf6 11. Qc2 g6 12. Bb2 0-0 13. g3 Re8 14. Nf4 e5 15. dxe5 Ndxe5 16. 0-0-0 Qe7 17. Nxe5 Bxe5 18. h5 g5 19. Ne2 Bxb2+ 20. Kxb2 b6 21. Nd4 bxc5 22. Qxc5 Qxc5 23. bxc5 Ne5 24. Bxf5 Rf8 25. Bc2 Rxf2 26. Rdf1 Rxf1 27. Rxf1 Bg4 28. h6 Nc4+ 29. Kc1 Nxe3 30. Rf6 Nxc2 31. Kxc2 Bd7 32. Rd6 Be8 33. Nxc6 Kf7 34. Kc3 Rc8 35. Ne5+ Ke7 36. Kd4 Rb8 37. Rxd5 Rb2 1-0

[Event "Omsk-ch"]
[Site "Omsk"]
[Date "2013.02.12"]
[Round "4"]
[White "Tipikin, Ivan"]
[Black "Budim, Vladimir"]
[Result "0-1"]
[WhiteElo "1932"]
[BlackElo "2009"]
[PlyCount "66"]
[EventDate "2013.02.09"]
[EventType "swiss"]
[EventRounds "9"]
[EventCountry "RUS"]
[SourceTitle "CBM 153 Extra"]
[Source "ChessBase"]
[SourceDate "2013.04.22"]
[SourceVersion "1"]
[SourceVersionDate "2013.04.22"]
[SourceQuality "1"]

1. e4 d6 2. d4 Nf6 3. Nc3 c6 4. f4 Qa5 5. Bd3 e5 6. Nf3 exd4 7. Nxd4 Qb6 8. Be2 Nbd7 9. Bf3 Nc5 10. Nb3 Nxb3 11. axb3 Be6 12. Qe2 Qc7 13. Be3 b6 14. 0-0 Be7 15. f5 Bd7 16. Bf4 0-0 17. Rad1 Rad8 18. Rd2 Rfe8 19. Rfd1 Bc8 20. g4 h6 21. Qg2 b5 22. Qg3 b4 23. Ne2 Ba6 24. Kg2 Qb6 25. Ng1 Qc5 26. Nh3 d5 27. Nf2 dxe4 28. Nxe4 Rxd2+ 29. Rxd2 Nxe4 30. Bxe4 Bf6 31. Bd6 Qb5 32. Qf3 Bb7 33. Bd3 Qb6 0-1